Rimas y leyendas

Đã lưu trong:
Chi tiết về thư mục
Tác giả chính: Bécquer, Gustavo Adolfo (Tác giả)
Định dạng: Sách
Ngôn ngữ:Tiếng Tây Ban Nha
Được phát hành: Santiago Mar del Sur 1974
Loạt:Clásicos del Idioma Patrio, 8
Những chủ đề:
Các nhãn: Thêm thẻ
Không có thẻ, Là người đầu tiên thẻ bản ghi này!

MARC

LEADER 00000nam a2200000 a 4500
001 UCQ1348
003 CL-VaPUC
008 980709e19740000CL |||||||||||||||||spa|d
082 0 4 |a 861  |b BEC  |2 21 
100 0 |a Bécquer, Gustavo Adolfo  |e author  |9 317836 
245 1 0 |a Rimas y leyendas 
300 |a 186 p 
942 |c BK 
945 |d 19980709 00:00:00  |a lriquelm 
260 |a Santiago  |b Mar del Sur  |c 1974 
650 0 |a Poesías españolas  |9 265100 
650 0 |a Leyendas españolas  |9 347160 
650 0 |a Literatura española  |9 306261 
583 |a last modification  |c 19980709 00:00:00  |k Rodrigo Vera 
490 0 |a Clásicos del Idioma Patrio, 8 
999 |c 272348  |d 272346 
952 |0 0  |1 0  |4 0  |6 861_000000000000000_BEC_1974  |7 0  |8 A  |9 307249  |a BIBEDU  |b BIBEDU  |d 2019-11-20  |i 1434896  |o 861 BEC 1974  |p 1434896  |r 2019-11-20  |w 2019-11-20  |y BK  |k LIT